[Event "4NCL/Div4/LIT1 vs. SSC"]
[Site "Wokefield Park ENG"]
[Date "2008.05.03"]
[Round "9.4"]
[White "Squibbs, Adam"]
[Black "Jaszkiwskyj, Peter"]
[Result "0-1"]
[WhiteElo "1815"]
[BlackElo "2005"]
[PlyCount "198"]
[EventDate "2008.05.03"]
[EventType "team"]
[EventRounds "11"]
[EventCountry "ENG"]
[SourceDate "2007.09.15"]

1. c4 e6 2. d4 d5 3. Nc3 Nf6 4. Bg5 Nbd7 5. Nf3 c6 6. e3 Qa5 7. Bd3 Ne4 8. c5
b6 9. Bxe4 dxe4 10. Nd2 f5 11. Nb3 Qa6 12. cxb6 axb6 13. a3 Bd6 14. Ne2 Qb5 15.
O-O Ba6 16. Re1 O-O 17. Rc1 Rac8 18. Qc2 Nf6 19. Nd2 Qd3 20. Nf1 Nd5 21. Nfg3
h6 22. Bf4 Bxf4 23. exf4 Rfd8 24. Red1 Qxc2 25. Rxc2 Bd3 26. Rcd2 Kf7 27. f3
Bxe2 28. Nxe2 exf3 29. gxf3 Rd7 30. Rc1 Ke7 31. Kf2 Ra7 32. Rdc2 Kd6 33. Kg3
Ra5 34. Nc3 Nxc3 35. Rxc3 Rd5 36. Rd1 Ra8 37. Rdc1 Rc8 38. Rd1 Kc7 39. Re3 Kd7
40. Ree1 {=} Rd8 41. Re5 Rd6 42. Rde1 Re8 43. Rd1 Ra8 44. Kf2 Ke7 45. Rd2 Ra4
46. Ke3 Rc4 47. h3 Kf6 48. h4 Kf7 49. h5 Rc1 50. Rh2 Rd1 51. d5 R6xd5 52. Rc2
c5 53. Rc3 Re1+ 54. Kf2 Rexe5 55. fxe5 Rd2+ 56. Ke3 Rxb2 57. Kd3 Ke7 58. Ke3
Rb1 59. Ke2 Ra1 60. Rb3 Ra2+ 61. Ke3 c4 62. Rxb6 Rxa3+ 63. Kd2 Rxf3 64. Rb7+
Kf8 65. Rb8+ Kf7 66. Rb7+ Kg8 67. Rb8+ Kh7 68. Re8 c3+ 69. Kc2 Re3 70. Rxe6 f4
71. Re8 f3 72. e6 f2 73. Rf8 Rxe6 74. Rxf2 Rc6 75. Rf3 Kg8 76. Rf5 Rc7 77. Rf3
Rc5 78. Rh3 Kf7 79. Rf3+ Ke6 80. Re3+ Kf6 81. Rf3+ Kg5 82. Rg3+ Kxh5 83. Rxg7
Kh4 84. Rg6 h5 85. Rg1 Kh3 86. Rg6 h4 87. Rg7 Rc4 88. Rg1 Rg4 89. Rd1 Rg3 90.
Rh1+ Kg4 91. Kb3 h3 92. Kc2 Kf3 93. Kc1 Kg2 94. Re1 h2 95. Re2+ Kh3 96. Re1 Rg1
97. Rxg1 hxg1=Q+ 98. Kc2 Qc5 99. Kc1 c2 0-1

[Event "4NCL/Div4/LIT1 vs. SSC"]
[Site "Wokefield Park ENG"]
[Date "2008.05.03"]
[Round "9.5"]
[White "Hewitt, Sean D"]
[Black "Silverstein, Ben"]
[Result "0-1"]
[WhiteElo "2005"]
[BlackElo "1790"]
[PlyCount "68"]
[EventDate "2008.05.03"]
[EventType "team"]
[EventRounds "11"]
[EventCountry "ENG"]
[SourceDate "2007.09.15"]

1. e4 d5 2. exd5 Qxd5 3. Nf3 Nf6 4. Be2 a6 5. O-O b5 6. c4 bxc4 7. Qa4+ Nbd7 8.
Nc3 Qd6 9. Qxc4 Bb7 10. d4 e6 11. h3 h6 12. Be3 Nb6 13. Qb3 Rb8 14. Rac1 Be7
15. Qd1 O-O 16. Qd2 Nbd5 17. Nxd5 Nxd5 18. Ne5 Rfd8 19. Bxh6 gxh6 20. Qxh6 Bf8
21. Qg5+ Bg7 22. Bh5 Rf8 23. f4 Ne3 24. Rf3 Bxf3 25. gxf3 Rxb2 26. Kh1 Rg2 27.
Bg4 Qxd4 28. Ng6 fxg6 29. Bxe6+ Rf7 30. Bxf7+ Kf8 31. Qa5 Rh2+ 32. Kxh2 Qb2+
33. Kg3 Qg2+ 34. Kh4 Bf6+ 0-1

[Event "4NCL/Div4/LIT1 vs. SSC"]
[Site "Wokefield Park ENG"]
[Date "2008.05.03"]
[Round "9.6"]
[White "Payne, Matthew"]
[Black "Harrison, Peter K"]
[Result "0-1"]
[WhiteElo "1720"]
[BlackElo "1915"]
[PlyCount "130"]
[EventDate "2008.05.03"]
[EventType "team"]
[EventRounds "11"]
[EventCountry "ENG"]
[SourceDate "2007.09.15"]

1. e4 c6 2. d4 d5 3. e5 Bf5 4. Nc3 e6 5. g4 Bg6 6. Nge2 h6 7. Nf4 Bh7 8. Bg2
Nd7 9. Be3 Qb6 10. Na4 Qa5+ 11. Nc3 Bb4 12. Bd2 Qb6 13. a3 Be7 14. Bc1 c5 15.
dxc5 Bxc5 16. Qe2 Bd4 17. Nb5 Bxf2+ 18. Kf1 Bc5 19. b4 Be7 20. Be3 Qc6 21. c4
a6 22. Nd4 Qxc4 23. Qxc4 dxc4 24. Bxb7 Ra7 25. Bf3 g5 26. Ndxe6 fxe6 27. Bxa7
gxf4 28. Bc6 Bd3+ 29. Kg2 Kd8 30. Bd4 h5 31. Kf3 Nh6 32. h3 Nf7 33. Bxd7 Kxd7
34. Kxf4 h4 35. Ke3 Bg5+ 36. Kf2 Bf4 37. Rhe1 Bg3+ 38. Kg2 Bxe1 39. Rxe1 Ng5
40. Be3 Rg8 41. Rd1 Kc6 42. Bc5 Rg7 43. Be3 Ne4 44. Kf3 Rf7+ 45. Bf4 Ng5+ 46.
Ke3 Nxh3 47. Bh6 Kd5 48. Rh1 Nf2 49. Rxh4 c3 50. a4 Be4 51. Ke2 Nxg4 52. Ke1
Nxe5 53. Rh5 Rf5 54. Rxf5 exf5 55. Kd1 Kc4 56. Bg7 c2+ 57. Kd2 Nf3+ 58. Kc1 Nd4
59. Kb2 Ne2 60. Bh6 f4 61. Bxf4 Nxf4 62. a5 Kxb4 63. Ka2 Kc3 64. Ka3 c1=Q+ 65.
Ka4 Bc6# 0-1

[Event "4NCL/Div4/OXF3 vs. WOB"]
[Site "Wokefield Park ENG"]
[Date "2008.05.03"]
[Round "9.1"]
[White "Jeffries, Majid"]
[Black "Healey, Michael"]
[Result "0-1"]
[WhiteElo "2023"]
[BlackElo "2013"]
[PlyCount "104"]
[EventDate "2008.05.03"]
[EventType "team"]
[EventRounds "11"]
[EventCountry "ENG"]
[SourceDate "2007.09.15"]

1. Nf3 f5 2. d4 Nf6 3. c4 e6 4. g3 b6 5. Bg2 Bb7 6. O-O Be7 7. Nc3 O-O 8. Ne5
Bxg2 9. Kxg2 d6 10. Nf3 h6 11. Qc2 Qe8 12. e4 Qh5 13. e5 Ne8 14. Qe2 dxe5 15.
Nxe5 Qxe2 16. Nxe2 Bd6 17. Ng6 Rf6 18. Nef4 Nc6 19. d5 exd5 20. cxd5 Nb4 21.
Bd2 Nxd5 22. Nxd5 Rxg6 23. h4 {=} Kf7 24. Rfe1 Re6 25. Rxe6 Kxe6 26. Nf4+ Kf7
27. Re1 Nf6 28. f3 a5 29. Kf2 Rd8 30. Re2 Be5 31. Be3 Bd4 32. Bxd4 Rxd4 33. Rc2
c5 34. Ne2 Rd6 35. Nc3 g5 36. hxg5 hxg5 37. Nb5 Rd7 38. a3 g4 39. Nc3 Rd3 40.
Na4 Rxf3+ 41. Kg2 Nd5 42. Rd2 Ne3+ 43. Kg1 Rxg3+ 44. Kf2 f4 45. Nxb6 Rg2+ 46.
Ke1 Rxd2 47. Kxd2 Ke6 48. Na4 Kd5 49. Nc3+ Ke5 50. Ke2 Nc4 51. Nd1 Kd4 52. Nf2
f3+ 0-1

[Event "4NCL/Div4/OXF3 vs. WOB"]
[Site "Wokefield Park ENG"]
[Date "2008.05.03"]
[Round "9.3"]
[White "Hadi, Justin"]
[Black "Zhu, Yao Yao"]
[Result "1/2-1/2"]
[WhiteElo "1985"]
[BlackElo "1997"]
[PlyCount "24"]
[EventDate "2008.05.03"]
[EventType "team"]
[EventRounds "11"]
[EventCountry "ENG"]
[SourceDate "2007.09.15"]

1. Nf3 d5 2. c4 c6 3. d4 Nf6 4. e3 Bf5 5. cxd5 cxd5 6. Qb3 Qc7 7. Bd2 e6 8.
Bb5+ Nbd7 9. O-O Bd6 10. Rc1 Qb8 11. Bb4 O-O 12. Nbd2 Nb6 1/2-1/2

[Event "4NCL/Div4/OXF3 vs. WOB"]
[Site "Wokefield Park ENG"]
[Date "2008.05.03"]
[Round "9.4"]
[White "Davies, Matthew"]
[Black "Zhang, Marco"]
[Result "1/2-1/2"]
[WhiteElo "1937"]
[BlackElo "1925"]
[PlyCount "30"]
[EventDate "2008.05.03"]
[EventType "team"]
[EventRounds "11"]
[EventCountry "ENG"]
[SourceDate "2007.09.15"]

1. d4 Nf6 2. c4 b6 3. Nf3 Bb7 4. e3 e6 5. Be2 c5 6. Nc3 d5 7. O-O Nbd7 8. b3
Bd6 9. Bb2 O-O 10. Rc1 Rc8 11. Nb5 Bb8 12. Ne5 a6 13. Na3 Qc7 14. Bd3 Ne4 15.
f4 Ndf6 1/2-1/2

[Event "4NCL/Div4/OXF3 vs. WOB"]
[Site "Wokefield Park ENG"]
[Date "2008.05.03"]
[Round "9.5"]
[White "Terry, Sean"]
[Black "Carpenter, Dai"]
[Result "0-1"]
[WhiteElo "1855"]
[BlackElo "1974"]
[PlyCount "128"]
[EventDate "2008.05.03"]
[EventType "team"]
[EventRounds "11"]
[EventCountry "ENG"]
[SourceDate "2007.09.15"]

1. e4 d5 2. Nc3 d4 3. Nce2 e5 4. Ng3 Be6 5. Bb5+ c6 6. Ba4 Qa5 7. Bb3 Bxb3 8.
cxb3 d3 9. Qg4 Nd7 10. Nf5 g6 11. Ne3 Ngf6 12. Nc4 Qb4 13. Qg3 b5 14. a3 Qc5
15. Na5 Nxe4 16. Qf3 f5 17. Nh3 Qd5 18. O-O Bh6 19. Qd1 O-O 20. b4 f4 21. f3
Nd6 22. Nf2 e4 23. Qb3 Qxb3 24. Nxb3 exf3 25. gxf3 Ne5 26. Kg2 Nf5 27. Ng4 Nxg4
28. fxg4 f3+ 29. Kh3 Nd6 30. Nc5 Rae8 31. Nxd3 Re2 32. Ne1 Bf4 33. Nxf3 Be5 34.
g5 Bxh2 35. Nxh2 Rxh2+ 36. Kxh2 Rxf1 37. b3 Ne4 38. Kg2 Rd1 39. d3 Nxg5 40. Kf2
Ne6 41. Ke3 h5 42. Bb2 Rxa1 43. Bxa1 Kf7 44. Ke4 Ng5+ 45. Kf4 Nh3+ 46. Kg3 Ng5
47. Kf4 Nh7 48. Ke5 h4 49. Kd6 h3 50. Be5 Nf6 51. Kxc6 Ng4 52. Bg3 h2 53. Bxh2
Nxh2 54. Kxb5 g5 55. Ka6 g4 56. Kxa7 g3 57. b5 g2 58. b6 g1=Q 59. a4 Ng4 60.
Ka6 Ne5 61. a5 Nxd3 62. Kb5 Qc5+ 63. Ka6 Nb4+ 64. Kb7 Qxa5 0-1

[Event "4NCL/Div4/OXF3 vs. WOB"]
[Site "Wokefield Park ENG"]
[Date "2008.05.03"]
[Round "9.6"]
[White "Griffiths, Hywel"]
[Black "Henbest, Kevin B"]
[Result "1-0"]
[WhiteElo "1693"]
[BlackElo "1785"]
[PlyCount "71"]
[EventDate "2008.05.03"]
[EventType "team"]
[EventRounds "11"]
[EventCountry "ENG"]
[SourceDate "2007.09.15"]

1. f4 Nf6 2. Nf3 g6 3. g3 Bg7 4. Bg2 O-O 5. O-O c5 6. c3 Nc6 7. d3 d6 8. e4 e6
9. Na3 b6 10. Nc2 Rb8 11. Re1 Ne8 12. d4 cxd4 13. Ncxd4 Nxd4 14. cxd4 b5 15. e5
Bb7 16. Be3 Nc7 17. h4 Nd5 18. h5 f6 19. hxg6 hxg6 20. Qd3 Kf7 21. Nh4 Ne7 22.
Rac1 Nf5 23. Bxb7 Rxb7 24. Nxg6 Rg8 25. Nh4 Nxh4 26. gxh4 fxe5 27. fxe5 Qxh4
28. Bf2 Bxe5+ 29. Kf1 Bg3 30. Qf3+ Qf4 31. Qxb7+ Kf6 32. Rc2 Rh8 33. Rce2 d5
34. Rxe6+ Kg5 35. Qxd5+ Kg4 36. R6e4 1-0

[Event "4NCL/Div4/SCS vs. HAL"]
[Site "Wokefield Park ENG"]
[Date "2008.05.03"]
[Round "9.1"]
[White "Haydon, David"]
[Black "Walker, Nicholas A"]
[Result "1/2-1/2"]
[WhiteElo "2105"]
[BlackElo "2090"]
[PlyCount "73"]
[EventDate "2008.05.03"]
[EventType "team"]
[EventRounds "11"]
[EventCountry "ENG"]
[SourceDate "2007.09.15"]

1. d4 d5 2. c4 e6 3. Nc3 Nf6 4. Nf3 Be7 5. e3 O-O 6. Bd3 dxc4 7. Bxc4 c5 8. O-O
Nc6 9. a3 a6 10. dxc5 Bxc5 11. Qe2 b5 12. Ba2 Qb6 13. b4 Be7 14. Bb2 Bb7 15.
Bb1 Rac8 16. e4 Rfd8 17. e5 Nd5 18. Nxd5 Rxd5 19. Qe4 g6 20. Qf4 Rcd8 21. Be4
R5d7 22. Rac1 Na7 23. Bxb7 Qxb7 24. Ng5 Bxg5 25. Qxg5 Nc8 26. Rce1 Nb6 27. Bc1
Nd5 28. Qh6 Ne7 29. Be3 Nf5 30. Qg5 Nxe3 {=} 31. Rxe3 Rd1 32. Ree1 R1d3 33. h4
h5 34. Re3 R8d4 35. Rxd3 Rxd3 36. Rc1 Qd7 37. Ra1 1/2-1/2

[Event "4NCL/Div4/SCS vs. HAL"]
[Site "Wokefield Park ENG"]
[Date "2008.05.03"]
[Round "9.2"]
[White "Doran, Michael J"]
[Black "Heard, Andrew H"]
[Result "1/2-1/2"]
[WhiteElo "1980"]
[BlackElo "2010"]
[PlyCount "63"]
[EventDate "2008.05.03"]
[EventType "team"]
[EventRounds "11"]
[EventCountry "ENG"]
[SourceDate "2007.09.15"]

1. e4 e6 2. d4 d5 3. e5 c5 4. c3 Qb6 5. Nf3 Bd7 6. a3 Bb5 7. c4 Bxc4 8. Bxc4
dxc4 9. d5 exd5 10. Qxd5 Ne7 11. Qxc4 Nbc6 12. Nc3 Na5 13. Qb5+ Qxb5 14. Nxb5
Nd5 15. Bg5 a6 16. O-O-O axb5 17. Rxd5 h6 18. Bh4 g5 19. Bg3 g4 20. Nd2 Rd8 21.
Rxd8+ Kxd8 22. Kc2 Be7 23. h3 gxh3 24. Rxh3 h5 25. Bh4 Nc6 26. Nf3 b6 27. Kd3
Kd7 28. Ke4 Rg8 29. Bxe7 Rg4+ 30. Ke3 Nxe7 31. g3 b4 32. Rxh5 1/2-1/2

[Event "4NCL/Div4/SCS vs. HAL"]
[Site "Wokefield Park ENG"]
[Date "2008.05.03"]
[Round "9.3"]
[White "Sathyanandha, Saravanan"]
[Black "Lee, Darren"]
[Result "1-0"]
[WhiteElo "1942"]
[BlackElo "1950"]
[PlyCount "53"]
[EventDate "2008.05.03"]
[EventType "team"]
[EventRounds "11"]
[EventCountry "ENG"]
[SourceDate "2007.09.15"]

1. e4 e5 2. Bc4 Nf6 3. d3 Nc6 4. Nc3 Na5 5. Qf3 Nxc4 6. dxc4 c6 7. Nge2 d6 8.
h3 Be6 9. Qd3 Be7 10. f4 Qc7 11. f5 Bd7 12. Be3 h6 13. g4 g5 14. O-O-O O-O-O
15. a3 Be8 16. b4 c5 17. b5 Qa5 18. Kb2 a6 19. bxa6 bxa6 20. Bd2 Qc7 21. Ka2
Bc6 22. Rb1 Kd7 23. Nd5 Nxd5 24. exd5 Bb7 25. f6 Bf8 26. Qb3 Rb8 27. Qa4+ 1-0

[Event "4NCL/Div4/SCS vs. HAL"]
[Site "Wokefield Park ENG"]
[Date "2008.05.03"]
[Round "9.4"]
[White "Asbury, Jon A"]
[Black "Clarke, Sean A"]
[Result "1/2-1/2"]
[WhiteElo "1870"]
[BlackElo "1875"]
[PlyCount "101"]
[EventDate "2008.05.03"]
[EventType "team"]
[EventRounds "11"]
[EventCountry "ENG"]
[SourceDate "2007.09.15"]

1. d4 d5 2. c4 Nf6 3. cxd5 Nxd5 4. e4 Nf6 5. Nc3 e6 6. Bg5 Be7 7. Nf3 h6 8.
Bxf6 Bxf6 9. Be2 b6 10. Rc1 a6 11. O-O Bb7 12. Qd2 Nd7 13. Rfd1 c5 14. d5 e5
15. a3 O-O 16. Rc2 Rc8 17. Rdc1 Re8 18. Na4 Be7 19. b4 cxb4 20. Rxc8 Bxc8 21.
axb4 Nf6 22. Bd3 Bd7 23. Nb2 Bd6 24. Nc4 Qe7 25. Nxb6 Bxb4 26. Qe2 a5 27. Nc4
Nxd5 28. Nfxe5 Nf4 29. Qf3 Nxd3 30. Qxd3 Bb5 31. Qd5 Bxc4 32. Nxc4 Qxe4 33.
Qxe4 Rxe4 34. Kf1 f6 35. f3 Re8 36. Ra1 Ra8 37. Ke2 Kf7 38. Kd3 Ke6 39. Ra2
Rd8+ 40. Kc2 Kf5 41. g3 g5 42. Ra4 Rc8 43. Kd3 h5 44. Rxa5+ Bxa5 45. Nd6+ Ke6
46. Nxc8 h4 47. gxh4 gxh4 48. Ke4 f5+ 49. Kf4 Bc7+ 50. Kg5 Bxh2 51. Kxh4
1/2-1/2

[Event "4NCL/Div4/SCS vs. HAL"]
[Site "Wokefield Park ENG"]
[Date "2008.05.03"]
[Round "9.5"]
[White "Lutton, J Arnold"]
[Black "Llewelyn, John D"]
[Result "1/2-1/2"]
[WhiteElo "1874"]
[BlackElo "1810"]
[PlyCount "68"]
[EventDate "2008.05.03"]
[EventType "team"]
[EventRounds "11"]
[EventCountry "ENG"]
[SourceDate "2007.09.15"]

1. e4 e5 2. Nf3 Nc6 3. Bb5 a6 4. Ba4 d6 5. O-O g6 6. d4 Bd7 7. d5 Nce7 8. Bxd7+
Qxd7 9. Nfd2 Bg7 10. c4 f5 11. f3 Nf6 12. Nc3 f4 13. b3 g5 14. Bb2 h5 15. Ne2
g4 16. Qe1 Ng6 17. Rc1 gxf3 18. Rxf3 Ng4 19. h3 Nh6 20. Qf2 Bf6 21. Nxf4 Nxf4
22. Rxf4 exf4 23. Bxf6 Rg8 24. Qh4 Qf7 25. Rf1 Rg6 26. Rxf4 Kd7 27. e5 dxe5 28.
Bxe5 Qg8 29. Qf2 Re8 30. Nf3 Nf7 31. Bd4 Rg3 32. Rxf7+ Kc8 33. Ne5 Qg5 34. Rf8
Rxg2+ 1/2-1/2

[Event "4NCL/Div4/SCS vs. HAL"]
[Site "Wokefield Park ENG"]
[Date "2008.05.03"]
[Round "9.6"]
[White "Pakenham, John H"]
[Black "Bogoda, Sagara T"]
[Result "0-1"]
[WhiteElo "1680"]
[BlackElo "1250"]
[PlyCount "116"]
[EventDate "2008.05.03"]
[EventType "team"]
[EventRounds "11"]
[EventCountry "ENG"]
[SourceDate "2007.09.15"]

1. d4 Nf6 2. c4 g6 3. Nc3 Bg7 4. e4 d6 5. Bg5 O-O 6. h3 h6 7. Bf4 Nc6 8. Nf3
Nh5 9. Be3 e5 10. Be2 f5 11. d5 Ne7 12. O-O Nf6 13. Bd3 f4 14. Bd2 g5 15. Nh2
h5 16. Be2 Qe8 17. f3 Qg6 18. a4 Kf7 19. b4 Rh8 20. Kf2 g4 21. hxg4 hxg4 22.
Nxg4 Bxg4 23. fxg4 Nxe4+ 24. Nxe4 Qxe4 25. Bf3 Qd4+ 26. Ke1 e4 27. Be2 Qxa1 28.
Rxf4+ Ke8 29. Qxa1 Bxa1 30. Rxe4 Kd7 31. g5 Rh1+ 32. Kf2 Rf8+ 33. Kg3 Be5+ 34.
Kg4 Nf5 35. Rxe5 dxe5 36. Bd3 Rh4+ 37. Kf3 Rd4 38. Ke2 Ng3+ 39. Ke3 Nf1+ 40.
Bxf1 Rxd2 41. Be2 Rxe2+ 42. Kxe2 Rg8 43. Ke3 Rxg5 44. Ke4 Rxg2 45. Kxe5 Rg4 46.
d6 Rxc4 47. dxc7 Rxb4 48. Kd5 Kxc7 49. Kc5 Rxa4 50. Kb5 Ra1 51. Kb4 a5+ 52. Kb3
a4+ 53. Kb2 Rd1 54. Ka3 b5 55. Ka2 b4 56. Kb2 Rd2+ 57. Kb1 a3 58. Ka1 b3 0-1

[Event "4NCL/Div4/AMCAH vs. LIT2"]
[Site "Wokefield Park ENG"]
[Date "2008.05.03"]
[Round "9.1"]
[White "Fenwick, Hugh"]
[Black "Mapletoft, Alexander J"]
[Result "0-1"]
[WhiteElo "2035"]
[BlackElo "1865"]
[PlyCount "118"]
[EventDate "2008.05.03"]
[EventType "team"]
[EventRounds "11"]
[EventCountry "ENG"]
[SourceDate "2007.09.15"]

1. d4 d5 2. Nf3 Nf6 3. Bf4 Bf5 4. e3 e6 5. Nbd2 c5 6. c3 Nbd7 7. Be2 Be7 8. Nh4
Bg6 9. Nxg6 hxg6 10. h3 O-O 11. O-O Qb6 12. Qb3 cxd4 13. cxd4 Rac8 14. Rac1 Qb4
15. Qxb4 Bxb4 16. Nb3 Ne4 17. Bb5 Nb6 18. a3 Bd6 19. Nc5 Bxc5 20. dxc5 Rxc5 21.
Rxc5 Nxc5 22. Bd6 Rc8 23. Rc1 Ne4 24. Rxc8+ Nxc8 25. Bb4 Ncd6 26. Bd3 b6 27. b3
Nc5 28. Bc2 a5 29. Be1 Kf8 30. b4 axb4 31. Bxb4 Nc4 32. Kf1 Ke8 33. Ke2 Kd7 34.
a4 e5 35. f3 Kc6 36. Bc3 g5 37. g3 f6 38. h4 gxh4 39. gxh4 Na3 40. Bg6 Nc4 41.
Be8+ Kd6 42. Bb5 Na5 43. Be1 Nab3 44. Bd2 d4 45. e4 Nxd2 46. Kxd2 Ne6 47. Bc4
Nf4 48. Bf7 Ng2 49. h5 Nf4 50. Be8 Ke7 51. Bb5 Nxh5 52. Ke2 Nf4+ 53. Kf2 Kd6
54. Ke1 Kc5 55. Kd2 Kb4 56. Bd7 Ng2 57. Bb5 Ne3 58. Kd3 Nd1 59. Kc2 Nc3 0-1

[Event "4NCL/Div4/AMCAH vs. LIT2"]
[Site "Wokefield Park ENG"]
[Date "2008.05.03"]
[Round "9.2"]
[White "Turvey, Steven"]
[Black "Tunstall, George"]
[Result "1/2-1/2"]
[WhiteElo "1915"]
[BlackElo "2020"]
[PlyCount "79"]
[EventDate "2008.05.03"]
[EventType "team"]
[EventRounds "11"]
[EventCountry "ENG"]
[SourceDate "2007.09.15"]

1. e4 c5 2. Nf3 Nc6 3. d4 cxd4 4. Nxd4 e5 5. Nb5 a6 6. Nd6+ Bxd6 7. Qxd6 Qf6 8.
Qxf6 Nxf6 9. Nc3 O-O 10. Bg5 d6 11. O-O-O Ne8 12. Bc4 h6 13. Be3 Be6 14. Nd5 b5
15. Nb6 Rd8 16. Bd5 Nb4 17. a3 Nxd5 18. Nxd5 Bxd5 19. exd5 f5 20. f3 {=} f4 21.
Bb6 Rc8 22. Rd3 Nf6 23. Re1 Rf7 24. Ba5 Rd7 25. Red1 Kf7 26. Rc3 Rxc3 27. Bxc3
Rc7 28. Bb4 Ke7 29. b3 Kd7 30. Rd3 {=} Rc8 31. Kd1 g5 32. h3 h5 33. Rd2 g4 34.
hxg4 hxg4 35. Ke2 gxf3+ 36. gxf3 Nh7 37. Kd3 Re8 38. c4 bxc4+ 39. bxc4 Ng5 40.
Rf2 1/2-1/2

[Event "4NCL/Div4/AMCAH vs. LIT2"]
[Site "Wokefield Park ENG"]
[Date "2008.05.03"]
[Round "9.3"]
[White "Green, George D A"]
[Black "Zitha, Ben"]
[Result "1-0"]
[WhiteElo "2000"]
[BlackElo "1847"]
[PlyCount "117"]
[EventDate "2008.05.03"]
[EventType "team"]
[EventRounds "11"]
[EventCountry "ENG"]
[SourceDate "2007.09.15"]

1. c4 e5 2. Nc3 Nc6 3. Nf3 g6 4. g3 Bg7 5. Bg2 Nge7 6. O-O d6 7. d3 O-O 8. Rb1
f5 9. e3 Kh8 10. Bd2 Nb4 11. Qe2 c5 12. a3 Nbc6 13. b4 Ng8 14. Na4 Qe7 15. Bc3
Bd7 16. bxc5 dxc5 17. Rxb7 Nd8 18. Rxd7 Qxd7 19. Nxe5 Qxa4 20. Bxa8 Qxa3 21.
Bb2 Qb3 22. Nd7 Rf7 23. Bxg7+ Kxg7 24. Nxc5 Qb6 25. d4 Nc6 26. Qa2 Nb4 27. Qb2
a5 28. Rb1 Rc7 29. Bf3 Nf6 30. Na4 Qe6 31. c5 Kh6 32. Nb6 Ne4 33. Be2 Ng5 34.
h4 Ne4 35. Nc4 Nd5 36. Qc1 Ndc3 37. Rb2 Rb7 38. Bf1 Ra7 39. Rb6 Qe7 40. Qe1 Nd5
41. Rb5 Nec3 42. Rb3 Ne4 43. Nxa5 Qc7 44. Nc4 Ra2 45. Rb2 Ra7 46. Bg2 Ndf6 47.
Bxe4 fxe4 48. Nd6 Qd7 49. Qf1 Ra3 50. Rb7 Qa4 51. Kg2 Ra1 52. Nf7+ Kg7 53. Ng5+
Kh6 54. Rb1 Ra2 55. Qd1 Qd7 56. Qb3 Ra7 57. Qe6 Qg7 58. Rb6 Nd7 59. Nf7+ 1-0

[Event "4NCL/Div4/AMCAH vs. LIT2"]
[Site "Wokefield Park ENG"]
[Date "2008.05.03"]
[Round "9.4"]
[White "Farrall, David J"]
[Black "Periasamymanjula, Mani"]
[Result "1/2-1/2"]
[WhiteElo "1802"]
[BlackElo "1965"]
[PlyCount "127"]
[EventDate "2008.05.03"]
[EventType "team"]
[EventRounds "11"]
[EventCountry "ENG"]
[SourceDate "2007.09.15"]

1. e4 e5 2. Nf3 Nc6 3. Bb5 a6 4. Bxc6 dxc6 5. d4 exd4 6. Qxd4 Qxd4 7. Nxd4 Bc5
8. Nb3 Bb6 9. Nc3 Be6 10. O-O O-O-O 11. Bf4 Ne7 12. Rad1 Ng6 13. Bc1 f5 14.
Rfe1 Rxd1 15. Rxd1 fxe4 16. Nxe4 Bd5 17. Nc3 Be6 18. Nd4 Bd7 19. Be3 Re8 20. h3
Ne5 21. b3 Nf7 22. Na4 Ba7 23. Nc3 Nd6 24. Kf1 g6 25. Nce2 Ne4 26. c4 Bc5 27.
Nc2 Bxe3 28. Nxe3 Rf8 29. f3 Ng5 30. Ng4 h5 31. Ne5 Bf5 32. Ng3 Nf7 33. Nxf5
Nxe5 34. Ne7+ Kb8 35. Re1 Nd3 36. Nxg6 Rg8 37. Re6 Nc1 38. Nf4 Rh8 39. Re5 h4
40. Rh5 Rxh5 41. Nxh5 Nxa2 42. Nf4 Nc1 43. b4 c5 44. bxc5 a5 45. Ke1 a4 46. Kd1
Nb3 47. Kc2 Nxc5 48. Ng6 c6 49. Nxh4 b5 50. cxb5 cxb5 51. Nf5 b4 52. Nd4 b3+
53. Kc3 Kc8 54. g4 Kd7 55. h4 Ke8 56. g5 Kf7 57. h5 Kg7 58. f4 Kh7 59. g6+ Kg7
60. f5 Ne4+ 61. Kb2 Nf6 62. Ne6+ Kh6 63. Nf4 Ng8 64. Ka3 1/2-1/2

[Event "4NCL/Div4/AMCAH vs. LIT2"]
[Site "Wokefield Park ENG"]
[Date "2008.05.03"]
[Round "9.5"]
[White "Andreev, Peter"]
[Black "Hewitt, Graham"]
[Result "1-0"]
[WhiteElo "1673"]
[BlackElo "1750"]
[PlyCount "83"]
[EventDate "2008.05.03"]
[EventType "team"]
[EventRounds "11"]
[EventCountry "ENG"]
[SourceDate "2007.09.15"]

1. Nf3 g6 2. g3 Bg7 3. Bg2 e5 4. d3 d5 5. Nbd2 Ne7 6. O-O O-O 7. e4 c6 8. Ne1
Be6 9. h3 Qd6 10. f4 exf4 11. gxf4 f6 12. Qe2 Qc5+ 13. Kh1 Qd6 14. Nb3 dxe4 15.
dxe4 Bxb3 16. axb3 a6 17. Be3 Qc7 18. f5 g5 19. Qg4 Nd7 20. Nf3 Ne5 21. Nxe5
Qxe5 22. c3 Rad8 23. h4 h6 24. Rg1 c5 25. Bf1 Rd7 26. Ra5 Rc8 27. Bc4+ Kh7 28.
Be6 Rd3 29. Bf2 b6 30. Rxa6 Rcd8 31. Bc4 Rh3+ 32. Qxh3 Qxe4+ 33. Kh2 Rd2 34.
Qe3 Qxh4+ 35. Kg2 Qg4+ 36. Kf1 Qd1+ 37. Be1 Rxb2 38. Rxb6 Nxf5 39. Qd3 Qxd3+
40. Bxd3 Kg6 41. Rg3 Rh2 42. Rf3 1-0

[Event "4NCL/Div4/GREN vs. GUI5"]
[Site "Wokefield Park ENG"]
[Date "2008.05.03"]
[Round "9.1"]
[White "Stepanyan, Henrik"]
[Black "Gibbs, Daniel"]
[Result "1/2-1/2"]
[WhiteElo "1920"]
[BlackElo "1990"]
[PlyCount "49"]
[EventDate "2008.05.03"]
[EventType "team"]
[EventRounds "11"]
[EventCountry "ENG"]
[SourceDate "2007.09.15"]

1. d4 g6 2. c4 Bg7 3. Nc3 d6 4. Nf3 Nf6 5. e4 O-O 6. Be2 e5 7. d5 a5 8. O-O Na6
9. Bg5 h6 10. Bxf6 Qxf6 11. Qd2 Nc5 12. Qe3 Bd7 13. Ne1 Qf4 14. Nc2 f5 15. f3
Qxe3+ 16. Nxe3 fxe4 17. fxe4 h5 18. Rad1 Bh6 19. Nc2 Rxf1+ 20. Rxf1 Bd2 21. Nb1
Bg5 22. Nc3 {=} Rf8 23. Rxf8+ Kxf8 24. Bf3 Nd3 25. b3 1/2-1/2

[Event "4NCL/Div4/GREN vs. GUI5"]
[Site "Wokefield Park ENG"]
[Date "2008.05.03"]
[Round "9.3"]
[White "Jennings, Michael"]
[Black "Shaw, Matthew"]
[Result "0-1"]
[WhiteElo "1780"]
[BlackElo "1935"]
[PlyCount "42"]
[EventDate "2008.05.03"]
[EventType "team"]
[EventRounds "11"]
[EventCountry "ENG"]
[SourceDate "2007.09.15"]

1. e4 e6 2. d3 d5 3. Nd2 Bd6 4. Ngf3 c5 5. g3 Nc6 6. Bg2 Nge7 7. O-O O-O 8. Re1
Qc7 9. c3 Bd7 10. Nf1 b5 11. Ne3 d4 12. cxd4 cxd4 13. Nc2 e5 14. Rf1 Rac8 15.
Nfe1 f5 16. f4 fxe4 17. Bxe4 exf4 18. gxf4 Bxf4 19. Bxf4 Rxf4 20. Qh5 g6 21.
Rxf4 gxh5 0-1

[Event "4NCL/Div4/GREN vs. GUI5"]
[Site "Wokefield Park ENG"]
[Date "2008.05.03"]
[Round "9.4"]
[White "Albrecht, Theo"]
[Black "Streeter, Harry"]
[Result "1-0"]
[WhiteElo "1900"]
[BlackElo "1765"]
[PlyCount "163"]
[EventDate "2008.05.03"]
[EventType "team"]
[EventRounds "11"]
[EventCountry "ENG"]
[SourceDate "2007.09.15"]

1. e4 e6 2. d3 d5 3. Nd2 Nf6 4. Be2 dxe4 5. dxe4 Nc6 6. c3 Bd6 7. Ngf3 e5 8.
O-O O-O 9. Qc2 Bg4 10. Re1 Ne7 11. Nc4 Ng6 12. a4 Qe7 13. b4 Rfd8 14. Be3 b6
15. Rad1 Rac8 16. Bc1 c5 17. b5 Bc7 18. Ne3 Nf4 19. Nxg4 Nxg4 20. h3 Nf6 21.
Bc4 h6 22. Bxf4 exf4 23. e5 Rxd1 24. Qxd1 Rd8 25. exf6 Qxf6 26. Qc2 g5 27. Re2
h5 28. Rd2 Rxd2 29. Qxd2 g4 30. hxg4 hxg4 31. Nh2 Qg7 32. Qe2 g3 33. Nf3 Qg6
34. Qd3 Qh5 35. Qe2 Kg7 36. Qe1 Bd6 37. Qe2 f6 38. Qd2 Be5 39. Qd7+ Kh6 40. Qh3
Qxh3 41. gxh3 gxf2+ 42. Kxf2 Bxc3 43. Ke2 f5 44. Kd3 Bf6 45. Be6 Kg6 46. Kc4
Bb2 47. Kd5 Kf6 48. h4 c4 49. Kd6 c3 50. Bb3 Ba3+ 51. Kc6 Kg6 52. Bc2 Kh5 53.
Bxf5 Be7 54. Kb7 Bxh4 55. Kxa7 Bf2 56. Kb7 Kh6 57. Kc6 Kg7 58. Kd5 Kf6 59. Be4
Ke7 60. Kc4 Kd6 61. Kxc3 Kc5 62. Bc2 Be3 63. Bd1 Bf2 64. Kd3 Kd5 65. Bb3+ Kd6
66. Ke4 Be3 67. Ne1 Kc7 68. Nd3 Bg1 69. Nxf4 Kd6 70. Ne6 Bf2 71. Kf5 Be3 72.
Kf6 Bf2 73. Kf7 Bg3 74. Ke8 Bh4 75. Nf4 Bf2 76. Kd8 Bg1 77. Kc8 Kc5 78. Kb7 Kb4
79. Bd1 Ka5 80. Ng6 Bd4 81. Ne7 Bf2 82. Nc6# 1-0